[Event "SVK-ch U18/20"]
[Site "Tatralandia"]
[Date "2024.04.07"]
[Round "3"]
[White "Bidulsky, Matej"]
[Black "Oslej, Marek"]
[Result "1-0"]
[WhiteElo "2041"]
[BlackElo "1806"]
[PlyCount "71"]
[EventDate "2024.04.05"]
[EventType "swiss"]
[EventRounds "9"]
[EventCountry "SVK"]
[SourceTitle "CB16_2024"]
[SourceDate "2024.04.17"]
[SourceVersion "1"]
[SourceVersionDate "2024.04.17"]
[SourceQuality "1"]

1. e4 c5 2. Nf3 Nc6 3. Bb5 e6 4. 0-0 d6 5. d4 cxd4 6. Nxd4 Bd7 7. c3 Be7 8. Ba4 a6 9. f4 b5 10. Bc2 Nf6 11. Nxc6 Bxc6 12. Nd2 Qb6+ 13. Kh1 Qb7 14. Qe2 Bd8 15. e5 dxe5 16. fxe5 Nd7 17. Ne4 Bc7 18. Nd6+ Bxd6 19. exd6 h6 20. Qg4 Nf6 21. Qg3 0-0-0 22. Be3 Ne4 23. Bxe4 Bxe4 24. a4 Bc6 25. axb5 Bxb5 26. c4 Bc6 27. b4 Rd7 28. b5 axb5 29. cxb5 Qxb5 30. Rfc1 Rhd8 31. Rab1 Qa4 32. Bb6 Rb7 33. Bxd8 Rxb1 34. Rxb1 Kxd8 35. Qxg7 Bxg2+ 36. Qxg2 1-0

[Event "SVK-ch U20"]
[Site "Dudince"]
[Date "2023.04.22"]
[Round "8"]
[White "Bidulsky, Matej"]
[Black "Bochnicka, Vladimir1111"]
[Result "1-0"]
[WhiteElo "1992"]
[BlackElo "2331"]
[PlyCount "63"]
[EventDate "2023.04.16"]
[EventType "tourn"]
[EventRounds "9"]
[EventCountry "SVK"]
[SourceTitle "CBM 213 Extra"]
[Source "ChessBase"]
[SourceDate "2023.05.31"]
[SourceVersion "1"]
[SourceVersionDate "2023.05.31"]
[SourceQuality "1"]

1. e4 e5 2. Nf3 Nc6 3. Bc4 Nf6 4. Ng5 d5 5. exd5 Na5 6. Bb5+ c6 7. dxc6 bxc6 8. Bd3 Nd5 9. h4 h6 10. Qh5 Qf6 11. Ne4 Qe6 12. Ng5 hxg5 13. Qxh8 Nf4 14. hxg5 Qg4 15. Nc3 Qxg2 16. Be4 Qxg5 17. d3 Bg4 18. Qh4 Qxh4 19. Rxh4 f5 20. Bxf4 exf4 21. Bg2 g5 22. Rh7 f3 23. Bh3 0-0-0 24. Bxg4 fxg4 25. Rxa7 Re8+ 26. Ne4 Kb8 27. Rf7 Bd6 28. Rf5 g3 29. fxg3 Bxg3+ 30. Kf1 Bf4 31. Nxg5 Rh8 32. Nxf3 1-0

[Event "SVK-ch U20"]
[Site "Dudince"]
[Date "2023.04.21"]
[Round "7"]
[White "Bidulsky, Matej"]
[Black "Melih, Mario"]
[Result "1-0"]
[WhiteElo "1992"]
[BlackElo "1837"]
[PlyCount "89"]
[EventDate "2023.04.16"]
[EventType "tourn"]
[EventRounds "9"]
[EventCountry "SVK"]
[SourceTitle "CBM 213 Extra"]
[Source "ChessBase"]
[SourceDate "2023.05.31"]
[SourceVersion "1"]
[SourceVersionDate "2023.05.31"]
[SourceQuality "1"]

1. e4 e5 2. Nf3 Nc6 3. Bc4 Bc5 4. c3 Nf6 5. d4 exd4 6. cxd4 Bb4+ 7. Nc3 Nxe4 8. 0-0 Bxc3 9. bxc3 d5 10. Bb5 0-0 11. Qc2 Bf5 12. Bd3 Re8 13. Rb1 Rb8 14. Bf4 Bg6 15. g3 Nd6 16. Bxg6 hxg6 17. Rfe1 Rxe1+ 18. Rxe1 Nc4 19. Bg5 Qd7 20. Nd2 Nxd2 21. Qxd2 f6 22. Bf4 Na5 23. Qb2 Nc4 24. Qb4 Kf7 25. Qc5 g5 26. Qxa7 Re8 27. Be3 Qc6 28. Qc5 Qxc5 29. dxc5 Nxe3 30. fxe3 c6 31. Rb1 Re7 32. Kf2 g4 33. Ke2 Ke8 34. Kd3 Kd8 35. Rf1 Re5 36. Rf4 Rg5 37. c4 dxc4+ 38. Kxc4 Kc7 39. e4 b6 40. cxb6+ Kxb6 41. Rf5 Rg6 42. Rh5 c5 43. a4 f5 44. exf5 Rd6 45. a5+ 1-0

[Event "SVK-chT1E 2223"]
[Site "Slovakia"]
[Date "2022.12.03"]
[Round "5.3"]
[White "Varga, Lukas"]
[Black "Bidulsky, Matej"]
[Result "1-0"]
[WhiteElo "2125"]
[BlackElo "1911"]
[PlyCount "43"]
[EventDate "2022.10.15"]
[EventType "team-tourn"]
[EventRounds "11"]
[EventCountry "SVK"]
[SourceTitle "EXT 2024"]
[Source "ChessBase"]
[SourceDate "2023.10.10"]
[SourceVersion "1"]
[SourceVersionDate "2023.10.10"]
[SourceQuality "1"]
[WhiteTeam "Kosice Slavia UPJS"]
[BlackTeam "Kosice Slavia TU"]
[WhiteTeamCountry "SVK"]
[BlackTeamCountry "SVK"]

1. d4 c5 2. d5 d6 3. e4 g6 4. Bd3 Bg7 5. h3 Nd7 6. f4 e6 7. Nf3 exd5 8. exd5 Qe7+ 9. Kf2 Qd8 10. Re1+ Ne7 11. Qe2 Bf6 12. g4 Nb6 13. c4 Bd7 14. Nbd2 Nbc8 15. Ne4 Bg7 16. f5 gxf5 17. gxf5 Bxf5 18. Bg5 0-0 19. Nf6+ Bxf6 20. Bxf6 Bxd3 21. Qxd3 Qd7 22. Qe3 1-0

[Event "SVK-chT2D 2223"]
[Site "Slovakia"]
[Date "2022.11.27"]
[Round "6.5"]
[White "Koval, Daniel"]
[Black "Bidulsky, Matej"]
[Result "1-0"]
[WhiteElo "2041"]
[BlackElo "1845"]
[PlyCount "111"]
[EventDate "2022.10.08"]
[EventType "team-tourn"]
[EventRounds "11"]
[EventCountry "SVK"]
[SourceTitle "EXT 2024"]
[Source "ChessBase"]
[SourceDate "2023.10.10"]
[SourceVersion "1"]
[SourceVersionDate "2023.10.10"]
[SourceQuality "1"]
[WhiteTeam "Presov Tatran Dason"]
[BlackTeam "Kosice 1 CC"]
[WhiteTeamCountry "SVK"]
[BlackTeamCountry "SVK"]

1. c4 Nf6 2. Nc3 d5 3. d4 e6 4. Bg5 Be7 5. Nf3 h6 6. Bh4 b6 7. e3 Bb7 8. Be2 Nbd7 9. 0-0 0-0 10. Rc1 c5 11. b3 Rc8 12. Rc2 cxd4 13. exd4 dxc4 14. Bxc4 Nd5 15. Bxe7 Nxe7 16. Qd3 Nf5 17. Rd1 Qe7 18. d5 Nc5 19. Qe2 exd5 20. Nxd5 Bxd5 21. Rxd5 Qxe2 22. Rxe2 g6 23. g4 Ng7 24. Re7 a6 25. Rd6 b5 26. Bd5 Nce6 27. Bxe6 Nxe6 28. Ne5 Rc1+ 29. Kg2 Re1 30. Nxg6 Nf4+ 31. Kf3 fxg6 32. Rxe1 Nd3+ 33. Ke2 Nxe1 34. Kxe1 Kg7 35. Rxa6 Rf4 36. h3 Rf3 37. Rb6 Rxh3 38. Rxb5 Rh4 39. g5 h5 40. a4 Rh1+ 41. Ke2 h4 42. Rb7+ Kg8 43. Kf3 Rg1 44. Rb4 h3 45. Rh4 Rb1 46. Rxh3 Rxb3+ 47. Kg2 Rb4 48. Ra3 Rg4+ 49. Kf3 Rxg5 50. a5 Rf5+ 51. Ke3 Rf7 52. a6 Ra7 53. Kd4 Kf7 54. Kc5 Ke6 55. Kb6 Ra8 56. a7 1-0

[Event "SVK-ch U18"]
[Site "Stara Lubovna"]
[Date "2022.05.26"]
[Round "7"]
[White "Nadzamova, Viktoria"]
[Black "Bidulsky, Matej"]
[Result "1-0"]
[WhiteElo "2135"]
[BlackElo "1800"]
[PlyCount "171"]
[EventDate "2022.05.21"]
[EventType "swiss"]
[EventRounds "9"]
[EventCountry "SVK"]
[SourceTitle "CBM 208 Extra"]
[Source "ChessBase"]
[SourceDate "2022.07.31"]
[SourceVersion "1"]
[SourceVersionDate "2022.07.31"]
[SourceQuality "1"]

1. Nf3 c5 2. g3 d5 3. Bg2 Nc6 4. d4 cxd4 5. Nxd4 e5 6. Nxc6 bxc6 7. 0-0 Bb7 8. c4 Qd7 9. Qa4 Bc5 10. Nc3 Ne7 11. Rd1 Rd8 12. Ne4 Bd4 13. cxd5 cxd5 14. Nd6+ Kf8 15. Qxd7 Rxd7 16. Nxb7 Rxb7 17. e3 Bb6 18. Bxd5 Rd7 19. Bf3 Rxd1+ 20. Bxd1 Ba5 21. b4 Bxb4 22. Rb1 a5 23. a3 Bd6 24. Rb6 Nc8 25. Rb7 g6 26. Bb3 Ne7 27. Rb6 Bc7 28. Rf6 Ke8 29. e4 Rf8 30. Ba4+ Kd8 31. Ra6 Kc8 32. Ra8+ Bb8 33. Rxa5 Kb7 34. Be3 f5 35. Rb5+ Ka8 36. Bh6 Rc8 37. exf5 Nxf5 38. Bd2 Nd4 39. Ra5+ Kb7 40. Kg2 Rc4 41. Be8 Bc7 42. Rd5 Rc2 43. Be3 Nf5 44. Bc5 e4 45. Kh3 Bb6 46. Bxb6 Kxb6 47. Re5 Rxf2 48. Rxe4 Nd6 49. Rb4+ Ka5 50. Bc6 Rc2 51. Bd7 Nc4 52. Rb5+ Ka6 53. a4 Ne3 54. Re5 Nd1 55. Bb5+ Kb6 56. a5+ Kc7 57. Re7+ Kb8 58. Rxh7 Nf2+ 59. Kh4 Ne4 60. Rh8+ Ka7 61. Kg4 Rc5 62. Kf4 Nxg3 63. Rh7+ Ka8 64. hxg3 Rxb5 65. a6 Rf5+ 66. Kg4 Ra5 67. a7 g5 68. Rg7 Ra4+ 69. Kh5 Ra1 70. Rxg5 Kxa7 71. g4 Kb6 72. Kg6 Kc6 73. Re5 Kd6 74. Re2 Rg1 75. g5 Rh1 76. Kg7 Kd7 77. g6 Rf1 78. Kg8 Rg1 79. Kg7 Rh1 80. Re5 Kd6 81. Re8 Kd7 82. Rh8 Rg1 83. Kf7 Rf1+ 84. Kg8 Rg1 85. Rh7+ Ke8 86. g7 1-0

[Event "SVK-ch U18"]
[Site "Stara Lubovna"]
[Date "2022.05.23"]
[Round "3"]
[White "Bidulsky, Matej"]
[Black "Rucek, Kristian"]
[Result "0-1"]
[WhiteElo "1800"]
[BlackElo "2128"]
[PlyCount "72"]
[EventDate "2022.05.21"]
[EventType "swiss"]
[EventRounds "9"]
[EventCountry "SVK"]
[SourceTitle "CBM 208 Extra"]
[Source "ChessBase"]
[SourceDate "2022.07.31"]
[SourceVersion "1"]
[SourceVersionDate "2022.07.31"]
[SourceQuality "1"]

1. e4 e6 2. c4 d5 3. cxd5 exd5 4. exd5 Nf6 5. Bb5+ Nbd7 6. Nc3 a6 7. Qe2+ Be7 8. d6 cxd6 9. Bc4 0-0 10. d4 b5 11. Bd3 Re8 12. Nh3 b4 13. Nd1 Nf8 14. Ne3 d5 15. Nf4 Bd6 16. Nh5 g6 17. Nxf6+ Qxf6 18. 0-0 Qxd4 19. Rd1 Qe5 20. g3 Bb7 21. Qf3 Nd7 22. Bc4 Nb6 23. Ng4 Qe7 24. Nf6+ Kg7 25. Bg5 dxc4 26. Nxe8+ Rxe8 27. Bxe7 Bxf3 28. Rxd6 Rxe7 29. Rxb6 a5 30. Rb5 Re2 31. Rb1 Be4 32. Re5 Bxb1 33. Rxe2 Bxa2 34. Re5 a4 35. Kf1 c3 36. bxc3 b3 0-1

[Event "SVK-ch U18"]
[Site "Stara Lubovna"]
[Date "2022.05.21"]
[Round "1"]
[White "Bidulsky, Matej"]
[Black "Gyerpal, Adrian"]
[Result "0-1"]
[WhiteElo "1800"]
[BlackElo "2171"]
[PlyCount "154"]
[EventDate "2022.05.21"]
[EventType "swiss"]
[EventRounds "9"]
[EventCountry "SVK"]
[SourceTitle "CBM 208 Extra"]
[Source "ChessBase"]
[SourceDate "2022.07.31"]
[SourceVersion "1"]
[SourceVersionDate "2022.07.31"]
[SourceQuality "1"]

1. e4 c6 2. c4 d5 3. cxd5 cxd5 4. exd5 Nf6 5. Bb5+ Nbd7 6. Nc3 a6 7. Be2 g6 8. Bf3 Ne5 9. d4 Nxf3+ 10. Qxf3 Bg7 11. h3 0-0 12. Nge2 Qd7 13. g4 b5 14. Nf4 Bb7 15. g5 Nxd5 16. Ncxd5 Rad8 17. Be3 Bxd5 18. Nxd5 Qxd5 19. Qxd5 Rxd5 20. Rd1 Rfd8 21. Ke2 Bxd4 22. Rxd4 Rxd4 23. Bxd4 Rxd4 24. Rc1 Ra4 25. a3 Rh4 26. Rc3 Kg7 27. Kd2 Rd4+ 28. Ke3 Rd6 29. f4 h6 30. h4 h5 31. Rc7 Re6+ 32. Kf3 f6 33. Rc5 fxg5 34. hxg5 Rd6 35. Ke4 Kf7 36. f5 gxf5+ 37. Kxf5 e6+ 38. Kf4 Rd4+ 39. Ke3 Rc4 40. Re5 Rc2 41. g6+ Kf6 42. g7 Rg2 43. Kf3 Rxg7 44. Rxh5 Rd7 45. Ke3 Rd5 46. Rh7 Ke5 47. Rc7 Rd6 48. b3 Kd5 49. Rc3 Rc6 50. Rd3+ Ke5 51. Ke2 Rc2+ 52. Kd1 Ra2 53. b4 Ke4 54. Rh3 Kd4 55. Kc1 Re2 56. Rh4+ Kd3 57. Rh8 Rc2+ 58. Kd1 Rc3 59. Rh4 Rc6 60. Rh3+ Kd4 61. Kd2 e5 62. Rh8 e4 63. Rd8+ Ke5 64. Re8+ Re6 65. Rc8 Rd6+ 66. Ke2 Rd3 67. Re8+ Kd4 68. Rd8+ Kc4 69. Rc8+ Kb3 70. Re8 Rd4 71. Re6 Kxa3 72. Rxa6+ Kxb4 73. Ra8 Kb3 74. Rb8 b4 75. Rh8 Kc3 76. Rc8+ Rc4 77. Rb8 Kc2 0-1

[Event "SVK-chT2D 2122"]
[Site "Slovakia"]
[Date "2022.04.30"]
[Round "10.7"]
[White "Smizansky, Jozef"]
[Black "Bidulsky, Matej"]
[Result "1-0"]
[WhiteElo "1843"]
[BlackElo "1704"]
[PlyCount "45"]
[EventDate "2021.10.16"]
[EventType "team-tourn"]
[EventRounds "11"]
[EventCountry "SVK"]
[SourceTitle "EXT 2023"]
[Source "ChessBase"]
[SourceDate "2022.10.05"]
[SourceVersion "1"]
[SourceVersionDate "2022.10.05"]
[SourceQuality "1"]
[WhiteTeam "Spisska Nova Ves"]
[BlackTeam "Kosice 1 CC"]
[WhiteTeamCountry "SVK"]
[BlackTeamCountry "SVK"]

1. e4 e5 2. f4 d5 3. exd5 exf4 4. Nf3 Bg4 5. Bb5+ c6 6. dxc6 bxc6 7. Qe2+ Be7 8. Bc4 Kf8 9. 0-0 Bxf3 10. Rxf3 Qd4+ 11. Kh1 Bc5 12. Qf1 Nf6 13. c3 Qe4 14. d3 Qg6 15. Bxf4 h5 16. Nd2 Nbd7 17. d4 Be7 18. Bd3 Qg4 19. Re1 h4 20. Be5 Qh5 21. Rf5 Qh6 22. Bf4 Qg6 23. Rg5 1-0

[Event "SVK-chT2D 2122"]
[Site "Slovakia"]
[Date "2022.03.06"]
[Round "7.8"]
[White "Dernar, Jan"]
[Black "Bidulsky, Matej"]
[Result "1-0"]
[WhiteElo "1744"]
[BlackElo "1704"]
[PlyCount "73"]
[EventDate "2021.10.16"]
[EventType "team-tourn"]
[EventRounds "11"]
[EventCountry "SVK"]
[SourceTitle "EXT 2023"]
[Source "ChessBase"]
[SourceDate "2022.10.05"]
[SourceVersion "1"]
[SourceVersionDate "2022.10.05"]
[SourceQuality "1"]
[WhiteTeam "Kosice Slavia TU IV"]
[BlackTeam "Kosice 1 CC"]
[WhiteTeamCountry "SVK"]
[BlackTeamCountry "SVK"]

1. c4 Nf6 2. Nc3 d5 3. e3 e5 4. cxd5 Nxd5 5. Nf3 Nxc3 6. bxc3 e4 7. Qa4+ Nc6 8. Qxe4+ Qe7 9. Qxe7+ Bxe7 10. Bb5 Bd7 11. 0-0 0-0 12. d4 Ne5 13. Bxd7 Nxd7 14. c4 c5 15. d5 Nb6 16. Nd2 Bf6 17. Rb1 Bc3 18. Ne4 Be5 19. Nxc5 Nxc4 20. Rxb7 Rfd8 21. e4 f5 22. Ne6 Rd6 23. f3 a6 24. f4 Rxe6 25. dxe6 Bd4+ 26. Kh1 fxe4 27. Rd1 Bf6 28. Rc7 Nb6 29. Be3 g6 30. g4 Re8 31. f5 Nc8 32. Bd4 Bg5 33. Rg7+ Kf8 34. Rxh7 gxf5 35. gxf5 Nd6 36. Be5 Nc4 37. Rdd7 1-0

[Event "Skalica op-B"]
[Site "Skalica"]
[Date "2021.08.28"]
[Round "8"]
[White "Bidulsky, Matej"]
[Black "Maly, Jiri1111"]
[Result "1-0"]
[WhiteElo "1806"]
[BlackElo "1382"]
[PlyCount "59"]
[EventDate "2021.08.21"]
[EventType "swiss"]
[EventRounds "9"]
[EventCountry "SVK"]
[SourceTitle "CBM 204 Extra"]
[Source "ChessBase"]
[SourceDate "2021.11.30"]
[SourceVersion "1"]
[SourceVersionDate "2021.11.30"]
[SourceQuality "1"]

1. g4 d5 2. Bg2 Bxg4 3. c4 c6 4. cxd5 cxd5 5. Qb3 e6 6. Qa4+ Qd7 7. Qxg4 Nf6 8. Qg3 g6 9. Nc3 Bg7 10. Nf3 0-0 11. Ne5 Qd6 12. d4 Nc6 13. Nxc6 Qxc6 14. 0-0 Rac8 15. Bd2 Rc7 16. Rac1 Qd7 17. Bf4 Rc6 18. Be5 Rfc8 19. Qh3 b5 20. Bxf6 Bxf6 21. Nxd5 Bg5 22. Rxc6 Rxc6 23. Qg4 Bd8 24. Nc3 b4 25. Bxc6 Qxc6 26. Qe4 Qc7 27. Nb5 Qb6 28. Rc1 Kg7 29. Qe5+ Bf6 30. Qc5 1-0

[Event "Skalica op-B"]
[Site "Skalica"]
[Date "2021.08.27"]
[Round "7"]
[White "Kapolkova, Greta"]
[Black "Bidulsky, Matej"]
[Result "1-0"]
[WhiteElo "1415"]
[BlackElo "1806"]
[PlyCount "43"]
[EventDate "2021.08.21"]
[EventType "swiss"]
[EventRounds "9"]
[EventCountry "SVK"]
[SourceTitle "CBM 204 Extra"]
[Source "ChessBase"]
[SourceDate "2021.11.30"]
[SourceVersion "1"]
[SourceVersionDate "2021.11.30"]
[SourceQuality "1"]

1. e4 e5 2. Nf3 Nc6 3. Nc3 d6 4. Bb5 Bg4 5. h3 Bh5 6. g4 Bg6 7. d4 Nf6 8. Qe2 exd4 9. Nxd4 Qd7 10. f4 h6 11. f5 Bh7 12. Bf4 a6 13. Bxc6 bxc6 14. e5 dxe5 15. Bxe5 Be7 16. 0-0-0 0-0 17. Ne6 fxe6 18. Rxd7 Nxd7 19. fxe6 Nxe5 20. Qxe5 Rf2 21. Ne4 Re2 22. Nf6+ 1-0

[Event "Skalica op-B"]
[Site "Skalica"]
[Date "2021.08.24"]
[Round "4"]
[White "Bidulsky, Matej"]
[Black "Sahidi, Shabir"]
[Result "1-0"]
[WhiteElo "1806"]
[BlackElo "1372"]
[PlyCount "115"]
[EventDate "2021.08.21"]
[EventType "swiss"]
[EventRounds "9"]
[EventCountry "SVK"]
[SourceTitle "CBM 204 Extra"]
[Source "ChessBase"]
[SourceDate "2021.11.30"]
[SourceVersion "1"]
[SourceVersionDate "2021.11.30"]
[SourceQuality "1"]

1. g4 d5 2. Bg2 Bxg4 3. c4 Nf6 4. cxd5 Nbd7 5. Qa4 a6 6. e4 b5 7. Qd4 Bh5 8. e5 Ng4 9. e6 Ndf6 10. d6 exd6 11. Bc6+ Ke7 12. Bxa8 Qxa8 13. f3 Ne5 14. Qe3 Bxf3 15. Nxf3 Nxf3+ 16. Kd1 Ng4 17. Qc3 Nf2+ 18. Ke2 Nxh1 19. Qxf3 Qxf3+ 20. Kxf3 Kxe6 21. d4 d5 22. Bf4 c5 23. Nd2 c4 24. Rxh1 Bd6 25. Re1+ Kd7 26. Nf1 Bxf4 27. Kxf4 Kd6 28. Ng3 g6 29. Kg5 Rc8 30. Kf6 c3 31. bxc3 Rxc3 32. Kxf7 Rf3+ 33. Kg7 Rf2 34. Re2 Rf4 35. Kxh7 Rxd4 36. Kxg6 Rg4+ 37. Kf5 Rh4 38. Kg5 Rh8 39. Kg4 d4 40. h4 Kc5 41. Nf5 Kd5 42. Rd2 Ke4 43. Rxd4+ Ke5 44. Rf4 Rg8+ 45. Kf3 Rf8 46. Re4+ Kd5 47. Kf4 Rf7 48. Re7 Rf6 49. Kg5 Rc6 50. h5 Kc4 51. h6 Kb4 52. Re8 Rc7 53. Ne7 Rc5+ 54. Kg6 Rc2 55. h7 Rg2+ 56. Kf5 Rh2 57. h8Q Rxh8 58. Rxh8 1-0

[Event "Skalica Rapid op"]
[Site "Skalica"]
[Date "2020.08.29"]
[Round "1"]
[White "Bidulsky, Matej"]
[Black "Kubat, Pavel"]
[Result "1-0"]
[WhiteElo "1548"]
[BlackElo "2066"]
[PlyCount "122"]
[EventDate "2020.08.29"]
[EventType "swiss (rapid)"]
[EventRounds "7"]
[EventCountry "SVK"]
[SourceTitle "CBM 198 Extra"]
[Source "ChessBase"]
[SourceDate "2020.11.30"]
[SourceVersion "1"]
[SourceVersionDate "2020.11.30"]
[SourceQuality "1"]

1. e4 c5 2. Bc4 Nc6 3. Nf3 d6 4. d4 cxd4 5. Nxd4 Nf6 6. Nc3 g6 7. 0-0 Bg7 8. Re1 0-0 9. h3 Bd7 10. Nf3 Rc8 11. Bb5 a6 12. Ba4 b5 13. Bb3 Ne8 14. Nd5 Nc7 15. c3 Ne6 16. Ng5 h6 17. Nf3 Nc5 18. Bc2 Kh7 19. Be3 Na5 20. b4 e6 21. Nf4 Ncb7 22. bxa5 Bxc3 23. Qd3 Bxa1 24. Rxa1 e5 25. Nd5 Nc5 26. Qd2 g5 27. Nb6 Rc6 28. Bxc5 Rxc5 29. Qxd6 Rxc2 30. Nxd7 Kg7 31. Qxf8+ Qxf8 32. Nxf8 Kxf8 33. Nxe5 Ke7 34. Ng4 Rc4 35. f3 h5 36. Ne3 Ra4 37. Kf2 Rxa5 38. Ke2 b4 39. Nd5+ Ke6 40. Nxb4 Ra4 41. Nd3 Ra3 42. Kd2 f5 43. Kc2 g4 44. hxg4 hxg4 45. fxg4 fxe4 46. Nc5+ Kd5 47. Nb3 Ke5 48. Kb2 Ra4 49. Re1 Kf4 50. Nc5 Rb4+ 51. Kc3 a5 52. Rxe4+ Rxe4 53. Nxe4 Kxe4 54. Kc4 Kf4 55. Kb5 Kxg4 56. Kxa5 Kg3 57. Kb6 Kxg2 58. a4 Kf3 59. a5 Ke4 60. a6 Kd5 61. a7 Kd4 1-0

[Event "Skalica Rapid op"]
[Site "Skalica"]
[Date "2020.08.29"]
[Round "7"]
[White "Jablonicky, Frantisek"]
[Black "Bidulsky, Matej"]
[Result "0-1"]
[WhiteElo "2038"]
[BlackElo "1548"]
[PlyCount "49"]
[EventDate "2020.08.29"]
[EventType "swiss (rapid)"]
[EventRounds "7"]
[EventCountry "SVK"]
[SourceTitle "CBM 198 Extra"]
[Source "ChessBase"]
[SourceDate "2020.11.30"]
[SourceVersion "1"]
[SourceVersionDate "2020.11.30"]
[SourceQuality "1"]

1. g3 d5 2. f4 Nc6 3. Nf3 Bf5 4. Bg2 Nf6 5. d3 e6 6. 0-0 Bc5+ 7. e3 0-0 8. h3 Bg6 9. Kh2 Re8 10. Ne5 Nxe5 11. fxe5 Nd7 12. d4 Bb6 13. c4 dxc4 14. Bxb7 Rb8 15. Bg2 c5 16. Nc3 Bd3 17. Rf4 Nf8 18. d5 Ng6 19. dxe6 Rxe6 20. Bd5 Nxf4 21. exf4 Re7 22. Qg4 Ba5 23. Ne4 Kh8 24. h4 h6 25. Qe6 0-1

[Event "SVK-ch U14"]
[Site "Liptovsky Mikulas"]
[Date "2019.04.29"]
[Round "8"]
[White "Bidulsky, Matej"]
[Black "Grec, Jan Alexander"]
[Result "0-1"]
[WhiteElo "1639"]
[BlackElo "1714"]
[PlyCount "48"]
[EventDate "2019.04.23"]
[EventType "swiss"]
[EventRounds "9"]
[EventCountry "SVK"]
[SourceTitle "CBM 190 Extra"]
[Source "ChessBase"]
[SourceDate "2019.07.15"]
[SourceVersion "1"]
[SourceVersionDate "2019.07.15"]
[SourceQuality "1"]

1. e4 c5 2. Nf3 e6 3. d4 cxd4 4. Nxd4 a6 5. Bd3 Nf6 6. a3 Be7 7. Nc3 Qc7 8. Be3 d6 9. f4 Nbd7 10. Nf3 b6 11. Qe2 Bb7 12. h3 b5 13. g4 Nc5 14. Bxc5 dxc5 15. b3 Qxf4 16. Bxb5+ axb5 17. Qxb5+ Nd7 18. Rd1 Rd8 19. Kf2 Qc7 20. Na4 0-0 21. Rd2 Bxe4 22. Rhd1 Bc6 23. Qc4 Bxf3 24. Kxf3 Ne5+ 0-1

[Event "SVK-ch U14"]
[Site "Liptovsky Mikulas"]
[Date "2019.04.25"]
[Round "4"]
[White "Bochnicka, Vladimir1111"]
[Black "Bidulsky, Matej"]
[Result "1-0"]
[WhiteElo "2079"]
[BlackElo "1639"]
[PlyCount "41"]
[EventDate "2019.04.23"]
[EventType "swiss"]
[EventRounds "9"]
[EventCountry "SVK"]
[SourceTitle "CBM 190 Extra"]
[Source "ChessBase"]
[SourceDate "2019.07.15"]
[SourceVersion "1"]
[SourceVersionDate "2019.07.15"]
[SourceQuality "1"]

1. e4 e5 2. Nf3 Nc6 3. Bc4 Bc5 4. c3 Nf6 5. d3 d6 6. Nbd2 Be6 7. Bb3 Ng4 8. 0-0 Qe7 9. h3 Nf6 10. Re1 h6 11. Ba4 g5 12. d4 g4 13. hxg4 Bb6 14. d5 Nxd5 15. exd5 Bxd5 16. Ne4 Be6 17. g5 0-0-0 18. Nf6 h5 19. Nh4 Bg4 20. Qd5 Qe6 21. Bxc6 1-0

[Event "SVK-ch U14"]
[Site "Liptovsky Mikulas"]
[Date "2019.04.24"]
[Round "2"]
[White "Krupa, Miroslav"]
[Black "Bidulsky, Matej"]
[Result "1-0"]
[WhiteElo "2067"]
[BlackElo "1639"]
[PlyCount "97"]
[EventDate "2019.04.23"]
[EventType "swiss"]
[EventRounds "9"]
[EventCountry "SVK"]
[SourceTitle "CBM 190 Extra"]
[Source "ChessBase"]
[SourceDate "2019.07.15"]
[SourceVersion "1"]
[SourceVersionDate "2019.07.15"]
[SourceQuality "1"]

1. e4 e5 2. Nf3 Nc6 3. Bc4 Bc5 4. d3 d6 5. c3 Bg4 6. 0-0 h5 7. h3 Qf6 8. hxg4 hxg4 9. Ng5 g3 10. Qf3 gxf2+ 11. Rxf2 Bxf2+ 12. Kxf2 Qxf3+ 13. Kxf3 Rh1 14. Nd2 Nh6 15. Nb3 Rf1+ 16. Ke2 Rf6 17. Bd2 Ke7 18. Nf3 Rg6 19. Nh4 Rg4 20. Rh1 Rh8 21. Kf3 Kf6 22. Bxh6 Rxh4 23. Rxh4 gxh6 24. Rh5 Ne7 25. d4 Kg6 26. g4 f6 27. Nd2 Nc6 28. Ke3 Ne7 29. Nf3 c6 30. Nh4+ Kg7 31. Nf5+ Nxf5+ 32. gxf5 Re8 33. Rh1 b5 34. Rg1+ Kh7 35. Be6 a5 36. Rg6 Rf8 37. Bd7 c5 38. Bxb5 Rb8 39. a4 Rf8 40. Kd3 h5 41. b3 h4 42. Rg4 Rd8 43. Rxh4+ Kg7 44. Bc4 Rd7 45. dxc5 dxc5+ 46. Bd5 Rd6 47. Kc4 Rd8 48. Rg4+ Kh7 49. Rg6 1-0

[Event "SVK-ch U14"]
[Site "Liptovsky Mikulas"]
[Date "2018.04.24"]
[Round "5"]
[White "Bidulsky, Matej"]
[Black "Babjak, Samuel"]
[Result "1-0"]
[WhiteElo "1433"]
[BlackElo "1399"]
[PlyCount "103"]
[EventDate "2018.04.21"]
[EventType "swiss"]
[EventRounds "9"]
[EventCountry "SVK"]
[SourceTitle "CBM 184 Extra"]
[Source "ChessBase"]
[SourceDate "2018.06.28"]
[SourceVersion "1"]
[SourceVersionDate "2018.06.28"]
[SourceQuality "1"]

1. b3 d5 2. Bb2 Nf6 3. g3 e6 4. Bg2 Be7 5. e3 c5 6. Ne2 0-0 7. 0-0 Nc6 8. d4 b6 9. dxc5 Bxc5 10. Nd4 Nxd4 11. Bxd4 Bxd4 12. Qxd4 Ba6 13. Re1 Rc8 14. Qa4 Bb7 15. Qxa7 Qc7 16. Qa4 Qxc2 17. Na3 Qc5 18. Rac1 Qd6 19. Qa7 Bc6 20. Qxb6 Qxa3 21. Rxc6 Rxc6 22. Qxc6 Qxa2 23. Qa4 Qxa4 24. bxa4 Ra8 25. Ra1 Ra5 26. Kf1 Nd7 27. e4 g6 28. Ke2 Nb6 29. exd5 exd5 30. Kd3 Nxa4 31. Kd4 Kf8 32. Bxd5 f6 33. Bc6 Nc5 34. Rxa5 Nb3+ 35. Kc3 Nxa5 36. Bf3 Ke7 37. Kb4 Kd6 38. Kxa5 Kc5 39. Ka6 Kd6 40. Kb6 Ke5 41. Kc5 Ke6 42. Kd4 f5 43. Bd5+ Kd6 44. f4 h6 45. Bf7 g5 46. Bd5 gxf4 47. gxf4 Kc7 48. Ke5 Kd7 49. Kxf5 Kd6 50. Kg6 Kxd5 51. f5 Ke5 52. f6 1-0